Taʼwīl al-Daʻāʼim, (Record no. 51096)

MARC details
000 -LEADER
fixed length control field 00799cam a22002411 4500
001 - CONTROL NUMBER
control field ne 68004629
003 - CONTROL NUMBER IDENTIFIER
control field DLC
005 - DATE AND TIME OF LATEST TRANSACTION
control field 20260227111850.0
008 - FIXED-LENGTH DATA ELEMENTS--GENERAL INFORMATION
fixed length control field 901002m19671972ua b 000 0 arar
010 ## - LIBRARY OF CONGRESS CONTROL NUMBER
LC control number ne 68004629
035 ## - SYSTEM CONTROL NUMBER
System control number (OCoLC)22461808
040 ## - CATALOGING SOURCE
Original cataloging agency DLC
Transcribing agency WaU
Modifying agency WaU
-- DLC
050 00 - LIBRARY OF CONGRESS CALL NUMBER
Classification number LAW
100 1# - MAIN ENTRY--PERSONAL NAME
Personal name Nuʻmān ibn Muḥammad, Abū Ḥanīfah,
Dates associated with a name -974.
245 10 - TITLE STATEMENT
Title Taʼwīl al-Daʻāʼim,
Statement of responsibility, etc. taʼlīf al-Nuʻmān ibn Muḥammad. Taḥqīq Muḥammad Ḥasan al-Aʻẓamī.
260 ## - PUBLICATION, DISTRIBUTION, ETC.
Place of publication, distribution, etc. [Miṣr,
Name of publisher, distributor, etc. Dār al-Maʻārif
Date of publication, distribution, etc. 1967-1972]
300 ## - PHYSICAL DESCRIPTION
Extent 3 v.
Dimensions 24 cm.
500 ## - GENERAL NOTE
General note A guide to the understanding of the author's Daʻāʼim al-Islām.
504 ## - BIBLIOGRAPHY, ETC. NOTE
Bibliography, etc. note Bibliographical footnotes.
650 #0 - SUBJECT ADDED ENTRY--TOPICAL TERM
Topical term or geographic name entry element Islamic law.
650 #0 - SUBJECT ADDED ENTRY--TOPICAL TERM
Topical term or geographic name entry element Shiites.
700 1# - ADDED ENTRY--PERSONAL NAME
Personal name Aʻẓamī, Muḥammad Ḥasan,
Relator term ed.

No items available.

Powered by Koha